000 01420cam a2200301 i 4500
003 SA-RiAUC
005 20250427091730.0
008 250425s2000 ts g b 00000 ara c
040 _aAE-AiULD
_bara
_cSA-RiAUC
_erda
043 _aa-ts---
050 4 _b.W38 2000
050 4 _b.W38
082 0 4 _a346.53507
090 _a346.53507
_b و ت ي
100 1 _aالوتيدي، قاسم عبد الحميد
_eمؤلف.
245 1 2 _aالنظرية العامة للقانون التجاري في ضوء قانون المعاملات التجارية لدولة الإمارات العربية المتحدة /
_cتأليف قاسم عبد الحميد الوتيدي.
264 1 _aالعين، الإمارت العربية المتحدة :
_bجامعة الإمارات العربية المتحدة،
_c2000
300 _a594 صفحة ؛
_c24 سم.
336 _aنص
_btxt
_2rdacontent
_3كتاب
337 _aبدون وسيط
_bn
_2rdamedia
338 _aمجلد
_bnc
_2rdacarrier
440 0 _aمطبوعات جامعة الإمارات العربية المتحدة
_v53
504 _aيشتمل على إرجاعات ببليوجرافية.
650 7 _aالقانون التجاري
_zالإمارات العربية المتحدة
_2aucsh
942 _2ddc
_cBOOK
_n0
949 _aSA-JeALM
_d250425
_umohamedma123
_n1
999 _c7400
_d7400